Girls Names that start with J - Statistics

General Stats
  • This quiz has been taken 1,239 times
  • The average score is 25 of 48
Answer Stats
Answer % Correct
Jessica
92%
Jennifer
91%
Jane
90%
Julie
89%
Julia
87%
Joan
80%
Jillian
77%
Jade
74%
Jasmine
73%
Janice
72%
Joanne
71%
Janet
69%
Josephine
69%
June
68%
Jeanette
67%
Jamie
64%
Joy
64%
Jacqueline
63%
Judith
63%
Jordan
60%
Jordana
60%
Josie
58%
Julianna
58%
Julianne
58%
Joanna
56%
Juliet
55%
Jocelyn
52%
Jody
51%
Jada
48%
Joyce
47%
Jana
43%
Justine
41%
Jayden
39%
Jolene
38%
Jaya
36%
Jolie
36%
Johanna
34%
Jessamine
27%
Jerri
25%
Juanita
24%
Jewel
23%
Jayla
21%
Joni
21%
Juno
16%
Justina
16%
Jacinta
8%
Jera
8%
Janessa
6%
No matching quizzes found
Score Distribution
Percent of People with Each Score
Percentile by Number Answered
Your Score History
You have not taken this quiz